header

Inside organized racism (Record no. 67304)

MARC details
000 -LEADER
fixed length control field 01525nam a22003734a 4500
082 04 - DEWEY DECIMAL CLASSIFICATION NUMBER
Classification number 320.5/6/0820973
100 1# - MAIN ENTRY--AUTHOR NAME
Personal name Blee, Kathleen M.
245 10 - TITLE STATEMENT
Title Inside organized racism
260 ## - PUBLICATION, DISTRIBUTION, ETC. (IMPRINT)
Place of publication Berkeley :
Name of publisher University of California Press,
Year of publication c2002.
300 ## - PHYSICAL DESCRIPTION
Number of Pages 272 p. :
Other physical details ill.
650 #0 - SUBJECT ADDED ENTRY--TOPICAL TERM
Topical Term Hate groups
Topical Term White supremacy movements
Topical Term Racism
Topical Term Women, White
Topical Term Women, White
Topical Term Women, White
Topical Term Whites
856 40 - ELECTRONIC LOCATION AND ACCESS
Uniform Resource Identifier http://site.ebrary.com/lib/rucke/Doc?id=10058850

No items available.

© 2026 Rongo University
Contact us: librarian | system librarian | Rongo university